Hickory dickory dock / (Record no. 174319)

000 -LEADER
fixed length control field 01454cam a22003973a 4500
001 - CONTROL NUMBER
control field 13179416
003 - CONTROL NUMBER IDENTIFIER
control field Nust
005 - DATE AND TIME OF LATEST TRANSACTION
control field 20180724052301.0
008 - FIXED-LENGTH DATA ELEMENTS--GENERAL INFORMATION
fixed length control field 000722t20001983nyu 000 1 eng d
010 ## - LIBRARY OF CONGRESS CONTROL NUMBER
LC control number 2003576668
020 ## - INTERNATIONAL STANDARD BOOK NUMBER
International Standard Book Number 9780007299669 (pbk.) :
Terms of availability Rs. 260
035 ## - SYSTEM CONTROL NUMBER
System control number (OCoLC)ocm44633904
038 ## - RECORD CONTENT LICENSOR
Staff Name Arshad
040 ## - CATALOGING SOURCE
Original cataloging agency IHI
Transcribing agency IHI
Modifying agency DLC
042 ## - AUTHENTICATION CODE
Authentication code lccopycat
043 ## - GEOGRAPHIC AREA CODE
Geographic area code e-uk-en
050 00 - LIBRARY OF CONGRESS CALL NUMBER
Classification number CPB Box no. 1987 vol. 3
082 ## - DEWEY DECIMAL CLASSIFICATION NUMBER
Classification number 823
Author Mark CHR
100 1# - MAIN ENTRY--PERSONAL NAME
Personal name Christie, Agatha,
Dates associated with a name 1890-1976.
9 (RLIN) 2976
240 10 - UNIFORM TITLE
Uniform title Hickory dickory death
245 10 - TITLE STATEMENT
Title Hickory dickory dock /
Statement of responsibility, etc. Agatha Christie.
250 ## - EDITION STATEMENT
Edition statement Berkley paperback ed.
260 ## - PUBLICATION, DISTRIBUTION, ETC.
Place of publication, distribution, etc. New York :
Name of publisher, distributor, etc. Berkley Books,
Date of publication, distribution, etc. 1983.
300 ## - PHYSICAL DESCRIPTION
Extent 303 p. ;
Dimensions 18 cm.
500 ## - GENERAL NOTE
General note "Also published as Hickory dickory death."
600 10 - SUBJECT ADDED ENTRY--PERSONAL NAME
Personal name Poirot, Hercule
Titles and other words associated with a name (Fictitious character)
Form subdivision Fiction.
9 (RLIN) 11837
650 #0 - SUBJECT ADDED ENTRY--TOPICAL TERM
Topical term or geographic name entry element Private investigators
Geographic subdivision England
Form subdivision Fiction.
9 (RLIN) 11838
650 #0 - SUBJECT ADDED ENTRY--TOPICAL TERM
Topical term or geographic name entry element Youth hostels
Geographic subdivision England
Form subdivision Fiction.
9 (RLIN) 11953
655 #7 - INDEX TERM--GENRE/FORM
Genre/form data or focus term Mystery fiction.
Source of term gsafd
9 (RLIN) 5621
710 2# - ADDED ENTRY--CORPORATE NAME
Corporate name or jurisdiction name as entry element Copyright Paperback Collection (Library of Congress)
Institution to which field applies DLC
9 (RLIN) 1743
856 42 - ELECTRONIC LOCATION AND ACCESS
Materials specified Contributor biographical information
Uniform Resource Identifier <a href="http://www.loc.gov/catdir/enhancements/fy0717/2003576668-b.html">http://www.loc.gov/catdir/enhancements/fy0717/2003576668-b.html</a>
856 42 - ELECTRONIC LOCATION AND ACCESS
Materials specified Publisher description
Uniform Resource Identifier <a href="http://www.loc.gov/catdir/enhancements/fy0717/2003576668-d.html">http://www.loc.gov/catdir/enhancements/fy0717/2003576668-d.html</a>
906 ## - LOCAL DATA ELEMENT F, LDF (RLIN)
a 7
b cbc
c copycat
d 2
e ncip
f 20
g y-genrareb
942 ## - ADDED ENTRY ELEMENTS (KOHA)
Source of classification or shelving scheme
Koha item type Book
Holdings
Withdrawn status Lost status Source of classification or shelving scheme Damaged status Not for loan Permanent Location Current Location Shelving location Date acquired Total Checkouts Total Renewals Full call number Barcode Date last seen Date last checked out Copy number Price effective from Koha item type
          Central Library (CL) Central Library (CL) Fiction 01/23/2017 4 1 823.912 CHR CL1407 05/29/2024 05/11/2024 1 01/23/2017 Book
© 2023 Central Library, National University of Sciences and Technology. All Rights Reserved.